MDQL
is popping MORE tags! Check the
thread
!
Quizzes
Events
Quiz Creation
Community
Videos
Private Events
Remove Ads
Sign In
Join for FREE
Feedback
Dark Mode
Quiz Categories
Sports
Geography
Music
Movies
Television
Just For Fun
Miscellaneous
History
Literature
Language
Science
Gaming
Entertainment
Religion
Holiday
For Kids
Quiz Lab
Recent
Popular Today
Quiz Kudos Today
Editor Picks
Curator Picks
Quizzes by...
Day
Popularity
Type
Ratings
Length
Year
Community
Subscriptions
Recent Discussions
Orange Saloon
Badges
Playlists
Quests
Create
Leaderboards
Showdown
Live 5
Trivia Bingo
Activity
Puzzle Library
Sporcle Events
Private Events
Virtual Trivia
Globe League
Become a Host
Pub Owners
SporcleCon
Opinionation
Our Games
Videos
Blog
Mobile Apps
Partnerships
Remove Ads and Go Orange
Feedback
Just For Fun
Clickable
Get the Picture
Humor
Quick Pick
Word Ladder
Missing Word
Mixed Word
Blitz
Minefield
This or That
Alphabet
Color
Typing
Sporcle
Puzzle
Word Play
Follow That Line
Logic
Just For Fun
Clickable
Get the Picture
Humor
Quick Pick
Word Ladder
Missing Word
Mixed Word
Blitz
Minefield
This or That
Alphabet
Color
Typing
Sporcle
Puzzle
Word Play
Follow That Line
Logic
Random Quiz
Search Sporcle
×
Quiz Lab
Quiz Lab
Just For Fun
Word Ladder
Type in answers that appear in a list
Type in answers that appear in a list
Classic
Best Score? Go Orange.
Word Ladder 2 Stats
Can you name the rungs of this four-letter word ladder?
By
wazariia
2m
18 Questions
129 Plays
129 Plays
129 Plays
Comments
Comments
Give Quiz Kudos
Give Quiz Kudos
-
- Ratings
hide this ad
Replay
Link that replays current quiz
Next Quiz
Link to next quiz in quiz playlist
You Got
0%
They Got
Avg Score
80%
Avg Friend Score
Upgrade to see
Score Distribution
Jump to the score distribution portion of the page
Score
0/18
Timer
02:00
0
Plays Today
Hint
4-letter answer
% Correct
If you step on a banana peel you're sure to...
slip
95.3%
Where you keep gardening tools, etc.
shed
93.8%
Don't trust the plants in the Little _
_
_
_
of Horrors
Shop
90.7%
Apples, pears and oranges all grow on this type of plant
tree
90.7%
A wintertime vehicle for kids
sled
89.1%
The Black Pearl is Captain Jack's...
ship
87.6%
You'd take your horse to a blacksmith to be...
shod
86.8%
Will the Real _
_
_
_
Shady please stand up?
Slim
86.8%
Having moved smoothly along a surface
slid
86.8%
Hint
4-letter answer
% Correct
One of these grows into a [last rung]
seed
86%
Having run away from danger
fled
83.7%
One of the Weasley brothers in Harry Potter
Fred
80.6%
This form of verse refrains from patterns or rhyme
free
74.4%
The Cat O' Nine Tails is a form of...
whip
67.4%
An unusual sudden desire or change of mind
whim
65.9%
George Michael of this band wants you to wake him up before you go-
go
Wham!
65.9%
Something that is not what it claims to be
sham
65.1%
Piece of material used to align parts or reduce wear
shim
60.5%
Quiz Playlist
Details
Report
Send in Message
Add To Playlist
Classic:
Type in answers that appear in a list
Last Updated: Feb 16, 2017
Quiz Scoreboard
CHALLENGE
Sign Up to Join the Scoreboard
Show All
Scores
Hide
Comments
May contain spoilers
Recently Published
Colored Red Africa Blitz
by spor1
Geography
30s
Find the 'City' Movie
by crazypaving
Movies
60s
5x2 Blitz: Bands
by SL_Kpop136
Music
30s
More to Explore
Quiz From the Vault
Featured Blog Post
14 Easter Pick-up Lines to Find Eggs With
hide this ad
You Might Also Like...
Tags
Word Ladder Quiz
4-letter
four
Today's Top Quizzes in Just For Fun
Browse Just For Fun
hide this ad
Today's Top Quizzes in Word Ladder
Browse Word Ladder
Top Contributed Quizzes in Just For Fun
1
Name Just One - 10 to 1: Just For Fun
2
Avatar the Last Airbender: Logic Puzzle
3
Missing Word: 2-Letter A-Z II
4
Missing Letter Whitney Houston Songs
5
Survivor Winners Logic Puzzle
6
It's Magic / Witchcraft 🎩🪄🧙♀️
7
Missing Word: 'Of' Things A-Z
8
Shadowhunters Protagonists Logic Quiz
9
Quick 5-Color Logic (18)
10
Medium Renzoku Puzzle 11
Explore More
Trending Topics
NBA
Marvel
Crossword
Kpop
Harry Potter
Disney
Anime
Song
The Office
Soccer
WWE
Pokémon
Puzzle
NFL
Country
hide this ad
More By:
wazariia
Quiz
Plays
Rating
Category
Featured
Created
Word Ladder 1
212
4.50
Just For Fun
Mar 12, 2011
Word Ladder 2
129
4.00
Just For Fun
Mar 12, 2011
Worst Funeral Songs
104
1.00
Just For Fun
Mar 3, 2011
Word Scramble 1
67
5.00
Just For Fun
Mar 16, 2011
Go to Creator's Profile
Score Distribution
Quiz Creator Spotlight
wazariia
Follow
Send a Message
Quizzes Created
-
Created Quiz Play Count
-
More By This Creator
Popular Quizzes Today
1
Colored Red Africa Blitz
2
Find the 'City' Movie
3
5x2 Blitz: Bands
4
Find the US States - No Outlines Minefield
5
The Countries of the World
6
Find the US States
7
US States
8
Find the Countries of Europe - No Outlines Minefield
More Just For Fun Quizzes
Missing Word: Movies!
Published
Trending Quizzes
Colored Red Europe Blitz I
Colored Red Europe Blitz II
Colored Red Africa Blitz II
Colored Red Europe Blitz III
Colored Red Africa Blitz III
Recently Updated
How Do You Spell That?
pecheneg
Godzilla Movies
pecheneg
Grab Bag: 4-10 Letters
pecheneg
2024 March Madness Bracket
pecheneg
Famous TV Couples
Peacemaker
Champions League XIs: Real Madrid
pecheneg
Largest US Cities 1790-2010
pecheneg
Rides in Walt Disney World
pecheneg
Most Oscar Losses (Acting)
pecheneg
Beyoncé Albums
pecheneg
Trending Topics
Anime
Marvel
Kpop
Harry Potter
NBA
Disney
Crossword
Country
Pokémon
Soccer
WWE
The Office
Puzzle
NFL
Song
Your Account Isn't Verified!
In order to create a playlist on Sporcle, you need to verify the email address you used during registration. Go to your
Sporcle Settings
to finish the process.
Report this User
Report this user for behavior that violates our
Community Guidelines
.
Details:
Send Report
Go to the Sporcle.com Mobile Site →
Comments